| 000 | 00000nam 2200000zi 4500 |
| 001 | 9.893159 |
| 003 | CaOODSP |
| 005 | 20230428085136 |
| 006 | m o d f |
| 007 | cr |n||||||||| |
| 008 | 201103e200105##onc|||| ob f00| 0|eng d |
| 040 | |aCaOODSP|beng|erda|cCaOODSP |
| 043 | |an-cn--- |
| 086 | 1 |aIu64-213/2001E-PDF |
| 245 | 00|aFilling the pipe : |bstimulating Canada's broadband content industry through R & D / |cproduced by Delvinia, in association with Canadian Heritage and Industry Canada. |
| 264 | 1|a[Ottawa] : |bIndustry Canada = Industrie Canada, |cMay 2001. |
| 300 | |a1 online resource (50 pages) |
| 336 | |atext|btxt|2rdacontent |
| 337 | |acomputer|bc|2rdamedia |
| 338 | |aonline resource|bcr|2rdacarrier |
| 500 | |aDigitized edition from print [produced by Innovation, Science and Economic Development Canada]. |
| 500 | |aPrepared for CANARIE Inc. |
| 504 | |aIncludes bibliographical references (pages 45-46). |
| 650 | 0|aBroadband communication systems|zCanada. |
| 650 | 0|aMultimedia systems|zCanada. |
| 650 | 6|aSystèmes de télécommunications à large bande|zCanada. |
| 650 | 6|aMultimédia|zCanada. |
| 710 | 1 |aCanada. |bIndustry Canada, |eissuing body. |
| 710 | 1 |aCanada. |bCanadian Heritage, |eissuing body. |
| 710 | 2 |aDelvinia (Firm), |econsultant. |
| 856 | 40|qPDF|s1.92 MB|uhttps://publications.gc.ca/collections/collection_2023/isde-ised/iu64/Iu64-213-2001-eng.pdf |